<?xml version="1.0" encoding="UTF-8"?>
<record
    xmlns:xsi="http://www.w3.org/2001/XMLSchema-instance"
    xsi:schemaLocation="http://www.loc.gov/MARC21/slim http://www.loc.gov/standards/marcxml/schema/MARC21slim.xsd"
    xmlns="http://www.loc.gov/MARC21/slim">

  <leader>07579njm a2200697Ia 4500</leader>
  <controlfield tag="001">25690</controlfield>
  <controlfield tag="003">IT-RoPAU</controlfield>
  <controlfield tag="005">20220918181121.0</controlfield>
  <controlfield tag="008">131025s9999    xx            000 0 und d</controlfield>
  <datafield tag="040" ind1=" " ind2=" ">
    <subfield code="a">IT-RoPAU</subfield>
  </datafield>
  <datafield tag="040" ind1=" " ind2=" ">
    <subfield code="c">IT-RoPAU</subfield>
  </datafield>
  <datafield tag="999" ind1=" " ind2=" ">
    <subfield code="c">99808</subfield>
    <subfield code="d">99808</subfield>
  </datafield>
  <datafield tag="999" ind1=" " ind2=" ">
    <subfield code="b">n.d.</subfield>
  </datafield>
  <datafield tag="100" ind1=" " ind2=" ">
    <subfield code="a">AA.VV.</subfield>
    <subfield code="9">794</subfield>
  </datafield>
  <datafield tag="100" ind1=" " ind2=" ">
    <subfield code="e">Autore musica</subfield>
    <subfield code="9">13698</subfield>
  </datafield>
  <datafield tag="100" ind1=" " ind2=" ">
    <subfield code="g">Codice autore musica SPICS: 12000</subfield>
    <subfield code="9">796</subfield>
  </datafield>
  <datafield tag="245" ind1=" " ind2=" ">
    <subfield code="a">Trombe del jazz classico (Le)</subfield>
  </datafield>
  <datafield tag="250" ind1=" " ind2=" ">
    <subfield code="a">2a ed.</subfield>
  </datafield>
  <datafield tag="260" ind1=" " ind2=" ">
    <subfield code="a">MILANO</subfield>
  </datafield>
  <datafield tag="260" ind1=" " ind2=" ">
    <subfield code="b">MUSICA JAZZ</subfield>
    <subfield code="c">1983 [1a Ed.:]</subfield>
  </datafield>
  <datafield tag="300" ind1=" " ind2=" ">
    <subfield code="a">DISCO</subfield>
  </datafield>
  <datafield tag="300" ind1=" " ind2=" ">
    <subfield code="c">44 minuti (Testo:  pag.)</subfield>
  </datafield>
  <datafield tag="500" ind1=" " ind2=" ">
    <subfield code="a">Musica jazz. Panorama esauriente dei pi&#xF9; importanti trombettisti del jazz di stile tradizionale intendendosi il termine in senso lato in modo da ricomprendere nella definizione tutti i trombettisti affermatisi prima della rivoluzione stilistica compiuta verso la met&#xE0; degli anni quaranta dagli esponenti del Bebop. Disco fuori commercio allegato al n. 6 '83 di "Musica jazz"</subfield>
  </datafield>
  <datafield tag="505" ind1=" " ind2=" ">
    <subfield code="a">Dippermouth Blues [(Richmond, Indiana, 6 aprile 1923) (Oliver Joe King) (3:00] - West End Blues [(Chicago, 28 giugno 1928) (Armstrong Louis D.) (4:00)] - I Got the Stinger [(Chicago, 1928) (Smith Jabbo) (4:00)] - Singin' the Blues [(New York, 4 febbraio 1927) (Trumbauer Frankie) (3:00)] - Buddy's Habits [(New York, 20 dicembre 1926) (Nichols Red) (3:00)] - Black and Tan Fantasy [(New York, 7 aprile 1927) (Ellington Duke) (4:00)] - Boy meets Horn [(New York, 22 dicembre 1938) (Ellington Duke) (3:00)] - Concerto For Cootie [(Chicago, 15 marzo 1940) (Ellington Duke) (4:00)] - I'Ve Found a New Baby [(New York, 15 settembre 1932) (Bechet Sydney) (4:00)] - I Can't Get Started [(New York, 25 giugno 1937) (Beringan Bunny) (5:00)] - I'm Free-What's New (Chicago, 19 ottobre 1938) (Crosby Bob) (4:00)] - The Lonesome Road [(New York, 12 dicembre 1939) (Spanier Muggsy) (3:00)] - It Should Be You [(New York, 16 luglio 1929) (Allen Henry Red) (4:00)] - After You've Gone [(New York, 5 giugno 1941) (Krupa Gene) (3:00)]</subfield>
  </datafield>
  <datafield tag="511" ind1=" " ind2=" ">
    <subfield code="a">Oliver King: corn; Armstrong Louis: corn; Dutrey Honor&#xE9;: trne; Dodds Johnny: cl; Armstrong Lil Hardin: p; Johnson Bill: bjo; Dodds Baby: batt; King Oliver's Creole Jazz Band</subfield>
  </datafield>
  <datafield tag="511" ind1=" " ind2=" ">
    <subfield code="a">Armstrong Louis: tr, voce; Robinson Fred: trne; Strong Jimmy: cl; Hines Earl: p; Cara Mancy: bjo; Singleton Zutty: batt; Louis Armstrong and his Hot Five</subfield>
  </datafield>
  <datafield tag="511" ind1=" " ind2=" ">
    <subfield code="a">Smith Jabbo: tr; Simeon Omer: cl; Simpson Cassino: p; Robinson Ikey: bjo; Buford Lawson: wsb; Jabbo Smith and his Rhythm Aces</subfield>
  </datafield>
  <datafield tag="511" ind1=" " ind2=" ">
    <subfield code="a">Beiderbecke Bix: corn; Mole Miff: trne; Dorsey Jimmy: cl; Ryker Doc: alto; Trumbauer Frankie: c, melody sax; Riskin Itzy: p; Lang Eddie: chit; Morehouse Chauncey: batt; Frankie Trumbauer and his Orchestra</subfield>
  </datafield>
  <datafield tag="511" ind1=" " ind2=" ">
    <subfield code="a">Nichols Red: corn; Mole Miff: trne; Dorsey Jimmy: alto; Schutt Arthur: p; Lang Eddie: chit; Berton Vic: batt, timpani; Red Nichols and his Five Pennies</subfield>
  </datafield>
  <datafield tag="511" ind1=" " ind2=" ">
    <subfield code="a">Miley Bubber: tr; Metcalfe Louis: tr; Nanton Joe "Tricky Sam": trne; Hardwicke Otto: alto, sop; Carney Harry: bar, alto; Jackson Rudy: cl, ten; Ellington Duke: p; Guy Fred: bjo; Edwards Bass: cb; Greer Sonny: batt; Duke Ellington and his Orchestra</subfield>
  </datafield>
  <datafield tag="511" ind1=" " ind2=" ">
    <subfield code="a">Jones Wallace: tr; Williams Cootie: tr; Stewart Rex: corn Nanton Joe "Tricky Sam": trne; Brown Lawrence: trne; Tizol Juan: trne; Hodges Johnny: alto; Carney Harry: bar; Hardwicke Otto: alto; Bigard Barney: cl, ten; Ellington Duke: p; Taylor Billy: cb; Greer Sonny: batt; Duke Ellington and his Orchestra</subfield>
  </datafield>
  <datafield tag="511" ind1=" " ind2=" ">
    <subfield code="a">Jones Wallace: tr; Williams Cootie: tr; Stewart Rex: corn Nanton Joe "Tricky Sam": trne; Brown Lawrence: trne; Tizol Juan: trne; Hodges Johnny: alto; Carney Harry: bar; Hardwicke Otto: alto; Bigard Barney: cl, ten; Ellington Duke: p; Taylor Billy: cb; Greer Sonny: batt; Duke Ellington and his Orchestra</subfield>
  </datafield>
  <datafield tag="511" ind1=" " ind2=" ">
    <subfield code="a">Ladnier Tommy: tr; Bechet Sidney: sop; Nixon Teddy: trne; Duncan Hank: p; Myers Wilson: cb; Moreland Morris: batt; Sidney Bechet and his New Orleans Feetwarmers</subfield>
  </datafield>
  <datafield tag="511" ind1=" " ind2=" ">
    <subfield code="a">Berigan Bunny: tr, voce; Goodman Irving: tr; Lipkins Steve: tr; Samuel Morey: trne; Pear-Mutter Sid: cl, alto; Dixon Joe: cl, alto; Rounds Clyde: ten; Auld Georgie: ten; Lippman Joe: p; Morgan Tom: chit; Fishkind Arnold: cb; Wettling George: batt; Bunny Berigan and his Orchestra</subfield>
  </datafield>
  <datafield tag="511" ind1=" " ind2=" ">
    <subfield code="a">Zarchy Zeke: tr; Bose Sterling: tr; Butterfield Billy: tr; Silloway Ward: trne; Smith Warren: trne; Fazola Irving: cl; Matlock Matty: alto, cl; Kearns Joe: alto; Miller Eddie: ten, cl; Rodin Gil: ten; Zurke Bob: p; Lamare Nappy: chit; Haggart Bob: cb; Bauduc Ray: batt; Bob Crosby and his Orchestra</subfield>
  </datafield>
  <datafield tag="511" ind1=" " ind2=" ">
    <subfield code="a">Spanier Muggsy: corn; Brunies George: trne; Cless Rod: cl; Caiazza Nick: ten; Bushkin Joe: p; Casey Bob: cb; Sidell Al: batt; Muggsy Spanier and his Ragtime Band</subfield>
  </datafield>
  <datafield tag="511" ind1=" " ind2=" ">
    <subfield code="a">Allen Henry: tr, voce; Higginbotham J.C.: trne; Nicholas Albert: cl; Holmes Charlie: alto; Russell Luis: p; Johnson Will: chit; Foster George "Pops": cb; Barbarin Paul: batt; Henry Allen and his Orchestra</subfield>
  </datafield>
  <datafield tag="511" ind1=" " ind2=" ">
    <subfield code="a">Young Graham: tr; Halten Torg: tr; Murphy Norman: tr; Eldridge Roy: tr; Wagner Babe: trne; Kelliher Jay: trne; Grassi John: trne; Ruffo Mascagni: alto; Neagley Clint: alto; Misiker Sam: ten; Bates Walter: ten; Kitsis Bob: p; Biondi Ray: chit; Bastien Biddy: cb; Krupa Gene: batt; Gene Krupa and his Orchestra</subfield>
  </datafield>
  <datafield tag="650" ind1=" " ind2=" ">
    <subfield code="a">JAZZ [DISCHI]</subfield>
    <subfield code="e">Codice MATERIA SPICS: 9950</subfield>
    <subfield code="9">13699</subfield>
  </datafield>
  <datafield tag="700" ind1=" " ind2=" ">
    <subfield code="a">Oliver Joe (King)</subfield>
    <subfield code="d">Codice autore musica SPICS: 10763</subfield>
    <subfield code="e">Autore musica</subfield>
    <subfield code="p">Dippermouth Blues - West End Blues</subfield>
    <subfield code="9">13700</subfield>
  </datafield>
  <datafield tag="700" ind1=" " ind2=" ">
    <subfield code="a">Smith Jabbo</subfield>
    <subfield code="d">Codice autore musica SPICS: 16355</subfield>
    <subfield code="e">Autore musica</subfield>
    <subfield code="p">I Got the Stinger</subfield>
    <subfield code="9">13701</subfield>
  </datafield>
  <datafield tag="700" ind1=" " ind2=" ">
    <subfield code="a">Young</subfield>
    <subfield code="d">Codice autore musica SPICS: 20457</subfield>
    <subfield code="e">Autore musica</subfield>
    <subfield code="p">Singin' the Blues</subfield>
    <subfield code="9">13702</subfield>
  </datafield>
  <datafield tag="700" ind1=" " ind2=" ">
    <subfield code="a">Lewis M.</subfield>
    <subfield code="d">Codice autore SPICS: 20173</subfield>
    <subfield code="e">Autore</subfield>
    <subfield code="p">Singin' the Blues</subfield>
    <subfield code="9">13703</subfield>
  </datafield>
  <datafield tag="700" ind1=" " ind2=" ">
    <subfield code="a">Conrad</subfield>
    <subfield code="d">Codice autore testo/musica SPICS: 19975</subfield>
    <subfield code="e">Autore testo/musica</subfield>
    <subfield code="p">Singin' the Blues</subfield>
    <subfield code="9">13704</subfield>
  </datafield>
  <datafield tag="700" ind1=" " ind2=" ">
    <subfield code="a">Straight Charlie</subfield>
    <subfield code="d">Codice autore musica SPICS: 16356</subfield>
    <subfield code="e">Autore musica</subfield>
    <subfield code="p">Buddy's Habits</subfield>
    <subfield code="9">13705</subfield>
  </datafield>
  <datafield tag="700" ind1=" " ind2=" ">
    <subfield code="a">Nichols Red</subfield>
    <subfield code="d">Codice autore SPICS: 16346</subfield>
    <subfield code="e">Autore</subfield>
    <subfield code="p">Buddy's Habits</subfield>
    <subfield code="9">13706</subfield>
  </datafield>
  <datafield tag="700" ind1=" " ind2=" ">
    <subfield code="a">Ellington Duke</subfield>
    <subfield code="d">Codice autore musica SPICS: 13023</subfield>
    <subfield code="e">Autore musica</subfield>
    <subfield code="p">Black and Tan Fantasy - Boy meets Horn - Concerto For Cootie</subfield>
    <subfield code="9">13707</subfield>
  </datafield>
  <datafield tag="700" ind1=" " ind2=" ">
    <subfield code="a">Mills Irving</subfield>
    <subfield code="d">Codice autore musica SPICS: 13027</subfield>
    <subfield code="e">Autore musica</subfield>
    <subfield code="p">Boy meets Horn</subfield>
    <subfield code="9">13708</subfield>
  </datafield>
  <datafield tag="700" ind1=" " ind2=" ">
    <subfield code="a">Stewart Rex</subfield>
    <subfield code="d">Codice autore testo/musica SPICS: 16358</subfield>
    <subfield code="e">Autore testo/musica</subfield>
    <subfield code="p">Boy meets Horn</subfield>
    <subfield code="9">13709</subfield>
  </datafield>
  <datafield tag="700" ind1=" " ind2=" ">
    <subfield code="a">Russell Bob</subfield>
    <subfield code="d">Codice autore musica SPICS: 27872</subfield>
    <subfield code="e">Autore musica</subfield>
    <subfield code="p">Concerto For Cootie</subfield>
    <subfield code="9">13710</subfield>
  </datafield>
  <datafield tag="700" ind1=" " ind2=" ">
    <subfield code="a">Parker Alan</subfield>
    <subfield code="d">Codice autore musica SPICS: 11231</subfield>
    <subfield code="e">Autore musica</subfield>
    <subfield code="p">I'Ve Found a New Baby</subfield>
    <subfield code="9">13711</subfield>
  </datafield>
  <datafield tag="700" ind1=" " ind2=" ">
    <subfield code="a">Williams</subfield>
    <subfield code="d">Codice autore SPICS: 20150</subfield>
    <subfield code="e">Autore</subfield>
    <subfield code="p">I'Ve Found a New Baby</subfield>
    <subfield code="9">13712</subfield>
  </datafield>
  <datafield tag="700" ind1=" " ind2=" ">
    <subfield code="a">Gershwin George</subfield>
    <subfield code="d">Codice autore musica SPICS: 10668</subfield>
    <subfield code="e">Autore musica</subfield>
    <subfield code="p">I Can't Get Started</subfield>
    <subfield code="9">13713</subfield>
  </datafield>
  <datafield tag="700" ind1=" " ind2=" ">
    <subfield code="a">Duke Vernon</subfield>
    <subfield code="d">Codice autore SPICS: 16363</subfield>
    <subfield code="e">Autore</subfield>
    <subfield code="p">I Can't Get Started</subfield>
    <subfield code="9">13714</subfield>
  </datafield>
  <datafield tag="700" ind1=" " ind2=" ">
    <subfield code="a">Haggart Bob</subfield>
    <subfield code="d">Codice autore musica SPICS: 16365</subfield>
    <subfield code="e">Autore musica</subfield>
    <subfield code="p">I'm Free-What's New</subfield>
    <subfield code="9">13715</subfield>
  </datafield>
  <datafield tag="700" ind1=" " ind2=" ">
    <subfield code="a">Austin G.</subfield>
    <subfield code="d">Codice autore musica SPICS: 21868</subfield>
    <subfield code="e">Autore musica</subfield>
    <subfield code="p">The Lonesome Road</subfield>
    <subfield code="9">13716</subfield>
  </datafield>
  <datafield tag="700" ind1=" " ind2=" ">
    <subfield code="a">Schilkret N.</subfield>
    <subfield code="d">Codice autore SPICS: 27873</subfield>
    <subfield code="e">Autore</subfield>
    <subfield code="p">The Lonesome Road</subfield>
    <subfield code="9">13717</subfield>
  </datafield>
  <datafield tag="700" ind1=" " ind2=" ">
    <subfield code="a">Allen Henry Red</subfield>
    <subfield code="d">Codice autore musica SPICS: 16286</subfield>
    <subfield code="e">Autore musica</subfield>
    <subfield code="p">It Should Be You</subfield>
    <subfield code="9">13718</subfield>
  </datafield>
  <datafield tag="700" ind1=" " ind2=" ">
    <subfield code="a">Creamer H.</subfield>
    <subfield code="d">Codice autore musica SPICS: 16398</subfield>
    <subfield code="e">Autore musica</subfield>
    <subfield code="p">After You've Gone</subfield>
    <subfield code="9">13719</subfield>
  </datafield>
  <datafield tag="700" ind1=" " ind2=" ">
    <subfield code="a">Layton T.</subfield>
    <subfield code="d">Codice autore SPICS: 16399</subfield>
    <subfield code="e">Autore</subfield>
    <subfield code="p">After You've Gone</subfield>
    <subfield code="9">13720</subfield>
  </datafield>
  <datafield tag="942" ind1=" " ind2=" ">
    <subfield code="c">MD</subfield>
    <subfield code="2">ddc</subfield>
  </datafield>
  <datafield tag="952" ind1=" " ind2=" ">
    <subfield code="0">0</subfield>
    <subfield code="1">0</subfield>
    <subfield code="4">0</subfield>
    <subfield code="6">25690_000000000000000</subfield>
    <subfield code="7">1</subfield>
    <subfield code="a">SPICS</subfield>
    <subfield code="b">SPICS</subfield>
    <subfield code="d">2013-10-25</subfield>
    <subfield code="l">0</subfield>
    <subfield code="o">25690</subfield>
    <subfield code="r">2013-10-25 00:00:00</subfield>
    <subfield code="w">2013-10-25</subfield>
    <subfield code="y">MD</subfield>
    <subfield code="z">Progr. Ins.: 5564 / N.Vol.: 1 / Copie: 1 - Copia rara: n.d. / date import: 01.01.2014 - By Epidotti, Trombetti, Vaglietti</subfield>
  </datafield>
</record>
